[Event "20th Prague Open 2022"]
[Site "Prague"]
[Date "2022.01.09"]
[Round "4.1"]
[White "Pijpers, Arthur"]
[Black "Fus, Jakub"]
[Result "1-0"]
[WhiteElo "2485"]
[BlackElo "2384"]
[Annotator "TA"]
[PlyCount "83"]
[EventDate "2022.01.07"]
[EventType "swiss"]
[EventCountry "CZE"]
[SourceTitle "playchess.com"]
[Source "ChessBase"]
[SourceQuality "1"]

{[%evp 15,83,23,29,22,37,31,8,17,29,11,9,12,14,12,6,22,57,41,74,64,78,85,79,20,17,14,27,18,77,64,110,108,91,108,101,72,104,98,110,100,186,187,240,230,222,229,239,245,244,243,257,219,225,186,417,400,462,439,616,574,627,590,683,646,669,633,633,622,598,518]} 1. e4 c6 2. d4 d5 3. e5 Bf5 4. Nf3 e6 5. Be2 c5 6. Be3 cxd4 7. Nxd4 Ne7 8. c4 Nbc6 9. Qa4 $1 {Black must now prevent Nc3. B12: Caro-Kann: Advance Variation.} dxc4 10. Nc3 a6 {...b5 is the strong threat.} 11. O-O-O {The position is equal.} ({Much worse is} 11. Qxc4 Nxd4 12. Bxd4 b5 $15) ({Much weaker is} 11. Bxc4 b5 12. Ncxb5 axb5 13. Qxb5 Be4 $17) 11... Qa5 {11...Qc8 is not played anymore.} 12. Qxa5 Nxa5 13. Nxf5 Nxf5 14. Bb6 Nc6 15. f4 {[#]} h5 $146 {[%cal Og7g5]} ({Predecessor:} 15... Rc8 16. g3 g5 17. Ne4 Be7 18. g4 Nh4 19. fxg5 Nxe5 20. Bd4 Nd3+ 21. Kb1 O-O 22. Bxd3 cxd3 23. Rxd3 {½-½ (76) So,W (2770)-Le,Q (2709) chess24.com INT 2020}) 16. Bxc4 Rc8 {[%cal Og7g5]} 17. Kb1 Bb4 18. Ne4 $1 Ba5 {[#]} 19. Bxa5 {White is much more active.} ({White should try} 19. Bc5 $1 $16) 19... Nxa5 $11 {Pair of Knights!} 20. Be2 Ke7 21. Rd3 Nc6 (21... Rhd8 $11) 22. Rhd1 $16 {And now Rd7+ would win.} Rc7 {Prevents Rd7+.} (22... Rhd8 $14 {feels stronger.}) 23. Nd6 g6 24. Bf3 Rb8 25. Rc3 Kf8 26. Nxf5 exf5 27. Rd6 Ke7 (27... h4 $16) 28. Bxc6 $18 Rxc6 (28... bxc6 $142 29. Kc2 (29. Rcxc6 Rxc6 30. Rxc6 Rb4 $16) 29... Rb4) 29. Rcxc6 bxc6 30. Rxc6 {[%mdl 4096] Endgame KR-KR} Rb4 31. g3 (31. Rxa6 Rxf4 32. a4 Rg4 $16) 31... a5 {[%cal Oh5h4] [#]} 32. h4 $1 Re4 33. Kc2 Re2+ 34. Kb3 Rg2 $2 (34... Re4 {is a better defense.} 35. Rc7+ Ke6) 35. Rc3 Kd7 36. a3 {[%cal Ba2a3,Ba3a4][%mdl 32] White is clearly winning.} a4+ (36... Ke6 $142 37. Ka4 Rxb2) 37. Kxa4 Rxb2 38. Rb3 {Inhibits Rb8.} Rc2 39. Kb4 Rc8 40. Rd3+ Ke7 41. a4 {Strongly threatening a5.} Rb8+ 42. Kc5 {Weighted Error Value: White=0.04 (flawless) /Black=0.33} 1-0

[Event "20th Prague Open 2022"]
[Site "Prague"]
[Date "2022.01.09"]
[Round "4.2"]
[White "Kozak, Antoni"]
[Black "Mirzoev, Azer"]
[Result "0-1"]
[WhiteElo "2356"]
[BlackElo "2420"]
[Annotator "TA"]
[PlyCount "96"]
[EventDate "2022.01.07"]
[EventType "swiss"]
[EventCountry "CZE"]
[SourceTitle "playchess.com"]
[Source "ChessBase"]
[SourceQuality "1"]

{[%evp 11,95,0,0,-20,0,0,0,0,0,-18,-24,-33,-20,-27,-37,-24,-24,-47,-38,-39,-38,-41,-38,-42,-37,-45,-34,-29,-4,-5,0,-10,-5,-16,-12,-9,-10,-5,-11,-5,0,0,0,0,0,0,0,0,0,0,0,-95,-90,-91,-57,-56,-62,-73,-35,-164,-156,-171,-164,-230,-212,-224,-207,-267,-242,-235,-224,-439,-382,-837,-381,-5252,-5139,-12840,-12840,-12841,-12841,-12841,-12841,-29992,-29993,-29999]} 1. d4 d5 2. Bf4 c5 3. e3 Nc6 4. c3 Nf6 5. Nd2 Bf5 6. Ngf3 e6 $1 {6...e6 is better than 6...Qb6.} 7. Ne5 {D00: 1 d4 d5: Unusual lines.} Nxe5 8. dxe5 Nd7 9. e4 {The position is equal.} dxe4 {[#]} 10. Qe2 $146 ({Predecessor:} 10. Qa4 Be7 11. Nxe4 O-O 12. Rd1 Nb6 13. Qb5 Qc7 14. Nd6 Bc2 15. Rd2 Ba4 16. Qa5 {0-1 (36) Bellon Lopez,J (2351)-Blomqvist,E (2538) Vaxjo 2020}) 10... Qb6 11. O-O-O Qa5 12. a3 Qa4 {[%cal Oe4e3]} 13. g4 Bg6 {[%cal Oe4e3]} 14. Qb5 (14. Bg2 {with more complications.} Be7 15. Bxe4 b5 16. Bxg6 Qxf4 17. Be4) 14... Qxb5 15. Bxb5 a6 16. Ba4 {[%cal Od2e4]} b5 17. Bc2 e3 18. fxe3 Bxc2 19. Kxc2 {[%cal Oa3a4]} Nb6 20. Ne4 Nd5 21. c4 bxc4 22. Nd2 g5 23. Bxg5 Rg8 $1 24. Bf4 Rxg4 25. Rdg1 $1 Rxg1 26. Rxg1 Nxf4 27. exf4 $11 {[%mdl 4096] Endgame KRB-KRN} Rd8 28. Ne4 ({But not} 28. Nxc4 Rd4 29. Kb3 Rxf4 $17) 28... Rd4 29. Nf6+ Ke7 30. Rg4 h5 31. Rh4 (31. Nxh5 $11 Bh6 32. Rg8) 31... Bg7 $17 32. Ng8+ Kd7 {[%cal Og7e5] [#] Hoping for ...Bxe5!} 33. Rxh5 {Strongly threatening Rh7.} Rxf4 {...Rf5 is the strong threat.} 34. Rg5 Bf8 35. Nf6+ {This costs White the game.} (35. Rh5 $1 $15) 35... Kc6 $19 36. Rg8 Be7 37. Ng4 (37. Ra8 $142) 37... Kd5 38. h3 Rf3 39. Re8 Bh4 40. Rh8 Bg3 ({Inferior is} 40... Rxh3 41. Rh7 $17) 41. Rh5 {[#]} (41. Rd8+ Ke4 42. Rc8) 41... Kd4 42. a4 $2 (42. h4) 42... c3 (42... Bf4 $142 {( -> ...Rf1)} 43. Rh8 Rf1 44. Rd8+ Ke4) 43. b3 $2 (43. bxc3+ Rxc3+ 44. Kb2) 43... Rd3 44. Rh7 Rd2+ 45. Kc1 Bf4 46. Rxf7 Rf2+ 47. Kb1 c2+ 48. Ka1 c1=Q# {Weighted Error Value: White=0.70/Black=0.14 (very precise)} 0-1

[Event "20th Prague Open 2022"]
[Site "Prague"]
[Date "2022.01.09"]
[Round "4.3"]
[White "Neuman, Petr"]
[Black "Vojta, Jakub"]
[Result "0-1"]
[WhiteElo "2402"]
[BlackElo "2289"]
[Annotator "TA"]
[PlyCount "70"]
[EventDate "2022.01.07"]
[EventType "swiss"]
[EventCountry "CZE"]
[SourceTitle "playchess.com"]
[Source "ChessBase"]
[SourceQuality "1"]

{[%evp 10,70,20,0,0,-4,0,-1,-6,0,0,-15,-18,-39,0,-70,-66,-78,-68,-77,0,-57,0,-12,0,0,0,0,15,40,46,17,25,0,0,0,0,-68,-66,-48,-31,-98,-59,-54,-69,-75,-69,-104,-102,-100,-131,-88,-95,-97,-91,-118,-92,-138,-129,-322,-300,-422,-337]} 1. c4 Nf6 2. Nc3 e5 3. e3 d5 4. cxd5 Nxd5 5. Nf3 Nc6 6. d3 Be7 {A28: English Opening: Four Knights Variation.} 7. Be2 Be6 8. O-O O-O {The position is equal.} 9. Qc2 f5 10. Bd2 Nb6 11. a3 {[#]} g5 $146 {[%cal Bg7g5,Bg5g4][%mdl 32]} ({Predecessor:} 11... Bf6 12. b4 a6 13. Rab1 Qe7 14. Bc1 g6 15. h3 Rfd8 16. Bb2 Rd6 17. Nd2 Qf7 {1-0 (55) Diaz Rubi,F (2234)-Reina Guerra,E (2057) ICCF email 2019}) 12. Rfd1 ({Better is} 12. d4 $11) 12... g4 $15 13. Ne1 a5 14. b3 {[%cal Od3d4] Inhibits a4.} h5 {Black is more active.} (14... Rc8 $17) 15. Na4 (15. d4 $1 $11) 15... Nxa4 (15... Qe8 $15) 16. bxa4 $11 Bd6 17. Rab1 Ra7 18. Rb5 {[%cal Od3d4]} Bxa3 19. d4 exd4 20. Bc4 (20. Nd3 $5 {[%cal Rd3f4]} Bd6 21. Nc5 Bxc5 22. Rxc5 $11) 20... Qe7 21. e4 Bxc4 22. Qxc4+ Qf7 23. Qxf7+ (23. Qe2 $11 Qe6 24. Qd3) 23... Rxf7 $15 24. exf5 {[%cal Of5f6]} b6 25. Nd3 ({White should try} 25. f6 $1 $15) 25... Ne7 26. f6 $1 Rxf6 {White must now prevent ...c5.} 27. Rxh5 {[#]} c5 $1 {[%cal Bc7c5,Bc5c4,Bc4c3][%mdl 32]} 28. Rh4 c4 $36 {[%mdl 2048] Black is on the roll.} 29. Ne5 c3 {...Nc6 is the strong threat.} 30. Rxg4+ Kh7 31. Bc1 {[#]} Bxc1 32. Rxc1 Rf5 33. Nf3 ({White should play} 33. Re4) 33... Rxf3 $1 $17 34. gxf3 (34. Rh4+ $17 {was called for.} Kg7 35. Rxd4) 34... Rd7 $19 35. f4 (35. Kf1 {is the only way for White.} d3 36. Rc4 (36. Rxc3 $2 d2 $19)) 35... Nf5 {Weighted Error Value: White=0.29 (precise) /Black=0.10 (very precise)} 0-1

[Event "20th Prague Open 2022"]
[Site "Prague"]
[Date "2022.01.09"]
[Round "4.4"]
[White "Van Osch, Mees"]
[Black "Haring, Filip"]
[Result "0-1"]
[WhiteElo "2364"]
[BlackElo "2398"]
[Annotator "TA"]
[PlyCount "78"]
[EventDate "2022.01.07"]
[EventType "swiss"]
[EventCountry "CZE"]
[SourceTitle "playchess.com"]
[Source "ChessBase"]
[SourceQuality "1"]

{[%evp 14,78,18,20,29,25,33,8,13,8,59,27,43,52,53,53,54,54,56,59,54,55,59,0,0,0,0,0,0,0,0,0,0,0,0,0,0,0,0,0,0,0,0,0,0,0,0,-385,-371,-320,-102,-5173,-5173,-29991,-29992,-29992,-29992,-29992,-29989,-29989,-29990,-29990,-29991,-29991,-29992,-29992,-29993]} 1. e4 c5 2. Nf3 {[%cal Bg1f3,Bf3d4,Bd4b5,Bb5a3,Ba3c4][%mdl 32]} Nc6 3. d4 cxd4 4. Nxd4 e5 5. Nb5 d6 6. N1c3 a6 7. Na3 Be6 8. Nc4 Rb8 {B32: Sicilian: Löwenthal and Kalashnikov Variations.} 9. g3 h5 10. h4 {[#]} Nd4 $146 {The position is equal.} ({Predecessor:} 10... g6 11. Bg5 f6 12. Bd2 Nge7 13. Ne3 d5 14. exd5 Nxd5 15. Bg2 Nxc3 16. Bxc3 Qxd1+ 17. Rxd1 {½-½ (44) Saric,I (2653)-Horvath,D (2455) Reykjavik 2021}) 11. Ne3 g6 ({Black should try} 11... Nf6 $11) 12. Bg2 Bh6 13. Ncd5 Bxd5 14. Nxd5 Bxc1 15. Rxc1 Nf6 16. Nxf6+ Qxf6 17. c3 Nc6 18. O-O (18. Qa4 $14) 18... g5 $1 $11 19. hxg5 Qxg5 20. Qxd6 h4 21. Rcd1 {Bh3 is the strong threat.} Rd8 $1 22. Qc7 {aiming for Rxd8+.} hxg3 23. Rxd8+ Nxd8 24. Rd1 {And now Qd7+ would win.} gxf2+ 25. Kxf2 {Strongly threatening Qd7+.} Qf4+ 26. Kg1 {[%csl Gc7][%cal Rd1d8]} Qh2+ 27. Kf1 {[%csl Gc7][%cal Rd1d8]} Ne6 28. Qb8+ (28. Qxb7 Qf4+ 29. Ke2 Qg4+ 30. Ke1 (30. Kf2 $2 Qxd1 31. Qb8+ Qd8 $19) 30... Rh2 $17) 28... Ke7 29. Qxb7+ Kf8 {Hoping for ...Qf4+. Dancing on a razor blade.} 30. Qb8+ $2 {[%mdl 8192]} (30. Qxa6 $2 Qf4+ 31. Ke1 Qg3+ 32. Kd2 Qxg2+ 33. Kc1 Rh2 34. Qd6+ Kg7 $19) (30. Rd3 $11 {and White has nothing to worry.}) 30... Kg7 $19 31. Qb6 {[#]} Rh6 $2 ({Inferior is} 31... Nf4 32. Qg1 $11) (31... Nd4 $1 $19 {[%mdl 512] and Black stays clearly on top. ( -> ...Qf4+)} 32. Rxd4 (32. cxd4 $2 Qf4+ 33. Ke2 Qg4+ 34. Kf2 Qxd1 $19) 32... Qf4+ 33. Ke1 (33. Ke2 $2 Rh2 $19) 33... Qe3+ 34. Kd1 Qg1+ 35. Kc2 exd4) 32. Rd2 $2 {[%mdl 8192] [#] Now White is beyond hope.} (32. Qf2 $17) 32... Nd4 $1 {[%mdl 512]} 33. Qb8 (33. Qxh6+ Qxh6) 33... Qf4+ {Black mates.} 34. Kg1 Qe3+ 35. Rf2 Qe1+ 36. Bf1 Rg6+ 37. Kh1 Qxf2 {[%csl Gg6][%cal Rf2g1]} 38. Qxe5+ Kh7 {[%csl Gf2][%cal Rg6g1]} 39. Qh2+ Rh6 {Weighted Error Value: White=0.87/Black=0.12 (very precise)} 0-1

[Event "20th Prague Open 2022"]
[Site "Prague"]
[Date "2022.01.09"]
[Round "4.6"]
[White "Jurcik, Marian"]
[Black "Bomans, Arno"]
[Result "1-0"]
[WhiteElo "2397"]
[BlackElo "2246"]
[Annotator "TA"]
[PlyCount "171"]
[EventDate "2022.01.07"]
[EventType "swiss"]
[EventCountry "CZE"]
[SourceTitle "playchess.com"]
[Source "ChessBase"]
[SourceQuality "1"]

{[%evp 9,171,29,29,29,37,0,36,29,29,0,20,18,31,0,17,19,23,22,29,17,29,35,31,31,31,29,36,27,32,26,18,0,12,0,25,0,0,0,0,-25,-14,-37,-36,-43,-32,-42,10,9,69,-7,0,0,13,-3,7,0,0,0,0,0,0,0,0,0,0,0,0,0,0,0,0,-14,-15,-21,-18,-24,-15,-13,-11,-15,0,-52,-60,-62,-57,-43,-40,-61,0,0,0,14,52,59,112,85,116,99,341,30,31,30,20,21,31,28,34,0,52,59,60,63,90,71,78,71,71,72,166,0,248,0,168,0,235,0,0,0,585,571,700,693,741,728,675,653,798,836,867,0,170,0,629,0,0,0,0,0,0,0,0,0,0,0,12840,12841,12841,12841,12842,12842,12842,12843,12845,12845]} 1. e4 c5 2. Nf3 Nc6 3. Bb5 Nf6 4. Nc3 g6 5. h3 Bg7 6. e5 {B30: Sicilian: 2...Nc6 3 Bb5, lines without ...g6.} Ng8 7. O-O Nh6 8. Re1 {White is slightly better.} O-O {[#]} 9. d3 $146 ({Predecessor:} 9. Ne4 d6 10. exd6 exd6 11. Bxc6 bxc6 12. d4 cxd4 13. Bg5 f6 14. Bxh6 Bxh6 15. Qxd4 {1-0 (58) Travadon,L (2414)-Sahin,O (2281) Podgorica 2021}) 9... Nf5 10. Bf4 Ncd4 11. Bc4 Nxf3+ 12. Qxf3 (12. gxf3 e6 13. d4 Qh4 $17) 12... Nd4 {[%csl LRc2,LRf3]} 13. Qd1 Ne6 14. Bg3 b6 15. Bd5 Rb8 {[%cal Ba8b8,Bb8b7,Bb7c7,Bc7c6,Bc6g6][%mdl 32]} 16. Ne4 Bb7 17. Bxb7 Rxb7 18. c3 Rc7 19. Qg4 Rc6 20. f4 d5 21. Nd2 Nc7 22. f5 gxf5 23. Qxf5 Rg6 24. Bh4 Ne6 25. Rf1 Bh6 26. Rad1 Qc7 {[%cal Oe6f4]} 27. Kh1 Ng7 (27... Bg5 $15 28. Bf2 Qc6) 28. Qf2 $11 e6 (28... Qxe5 29. Rde1 Qf5 30. Qxf5 $16) (28... Ne6 $11) 29. Nf3 (29. g4 $1 $14) 29... Nf5 {[%cal Od5d4]} 30. Rde1 Nxh4 31. Qxh4 Qd8 32. Qh5 Bg7 33. d4 Rh6 34. Qg4 Rg6 35. Qh5 Rh6 36. Qg4 Rg6 37. Qh4 Qxh4 38. Nxh4 Rg3 39. Nf3 Bh6 40. Re2 cxd4 41. cxd4 Rc8 {Prevents Rc2.} 42. Kg1 Rc4 43. Kf2 Bf4 44. Rd1 b5 45. Rd3 (45. Ne1 $11) 45... b4 $1 $15 46. a3 a5 47. axb4 axb4 48. Rd1 b3 ({Better is} 48... h5 $15) 49. Ne1 $11 f6 (49... Rg7 $5 {[%cal Rh7h5]}) 50. exf6 Rg6 51. Rxe6 Kf7 (51... Bg5 $14) 52. Rb6 $16 Rc2+ 53. Kf1 $1 (53. Nxc2 bxc2 54. Rh1 (54. Rb7+ Kxf6 55. Rf1 c1=Q $17) 54... c1=Q 55. Rxc1 Bxc1 $17) 53... Rg3 $2 (53... Rxf6 $16 {is a better defense.} 54. Rxb3 (54. Nxc2 $2 bxc2 55. Rxf6+ Kxf6 $19) 54... Bg3+ 55. Nf3 (55. Kg1 Bf2+ 56. Kh2 Bxe1 $16) 55... h6) 54. Rxb3 $2 Rxb3 $11 55. Nxc2 Rxb2 $18 {[%mdl 4096] Endgame KRB-KRN} 56. Ne1 Be3 57. Nd3 {To avoid Rf2+} Rb3 58. Nc5 Rb2 (58... Rb4 $11) 59. Rd3 $14 Bg5 60. Rf3 {Nd7 is the strong threat.} Rb1+ 61. Ke2 {And now Nd7 would win.} Rb2+ 62. Kd3 $1 {Threatens to win with g4.} Rxg2 63. Nd7 $1 {Hoping for Ne5+.} Ra2 (63... Bh6 $16 {was called for.}) 64. Ne5+ $2 (64. Rf5 $1 $18 {[%cal Rf5g5]} Ke6 65. Rxg5 Ra3+ 66. Ke2 Kxd7 67. Re5 (67. Rxd5+ Ke6 $16)) 64... Kf8 $2 (64... Ke6 $1 $11) 65. Nd7+ Kf7 66. Ne5+ (66. Rf5 $142 $1 {[%cal Rf5g5]} Ke6 67. Rxg5 Ra3+ 68. Ke2 Kxd7 69. Re5 (69. Rxd5+ Ke6 $16)) 66... Kf8 $18 67. f7 $2 (67. Rf5 $18 Ra3+ 68. Kc2) 67... Ra3+ $11 68. Ke2 Ra2+ $2 {[%mdl 8192]} (68... Rxf3 $11 {and Black stays safe.} 69. Kxf3 h5) 69. Kf1 $18 {Threatening mate with Nd7+.} Ra1+ 70. Kg2 {Nd7+ would kill now.} Ra7 {Inhibits Nd7+.} 71. Kg3 Be7 72. Kg4 Bd6 73. Kf5 $1 Re7 74. Rd3 $2 ({White has to play} 74. Re3 $1 $18 Bxe5 75. Rxe5 (75. dxe5 Rxf7+ 76. Ke6 d4 $16) 75... Rxf7+ 76. Ke6) 74... Bb8 $2 {[#]} (74... Bxe5 $11 {and Black is okay.} 75. dxe5 Rxf7+ 76. Ke6 Ra7) 75. Kf6 $2 (75. Re3 $1 $18) 75... Rb7 $2 {[%mdl 8192]} (75... Bxe5+ $11 76. dxe5 Rxf7+ 77. Ke6 Ra7 78. Rxd5 Re7+ 79. Kd6 Kf7) 76. Ke6 $2 ({Only move:} 76. Ra3 $18) 76... Re7+ $11 77. Kxd5 Bxe5 78. dxe5 {[%cal Bd4e5,Be5e6,Be6e7][%mdl 32]} Rxf7 {KR-KR} 79. Ra3 {Black must now prevent Ra8+.} Rd7+ 80. Ke6 Re7+ 81. Kd6 Rb7 $2 {[%mdl 8192] [#]} (81... Kf7 $11) 82. Ra8+ $1 $18 {White is clearly winning.} Kg7 83. e6 Rb6+ 84. Kd7 Rb7+ 85. Kc6 Rb3 86. e7 {Weighted Error Value: White=0.21 (precise) /Black=0.21 (precise)} 1-0

[Event "20th Prague Open 2022"]
[Site "Prague"]
[Date "2022.01.09"]
[Round "4.7"]
[White "Dev, Shah"]
[Black "Czerw, Dawid"]
[Result "1/2-1/2"]
[WhiteElo "2243"]
[BlackElo "2396"]
[Annotator "TA"]
[PlyCount "106"]
[EventDate "2022.01.07"]
[EventType "swiss"]
[EventCountry "CZE"]
[SourceTitle "playchess.com"]
[Source "ChessBase"]
[SourceQuality "1"]

{[%evp 9,106,10,19,18,38,27,28,19,16,-8,62,72,72,64,59,52,50,40,56,28,164,160,153,89,104,0,0,0,0,0,0,0,0,0,0,0,0,0,0,0,0,0,0,0,0,0,0,-56,-55,-68,-17,-23,-21,-18,-11,-12,-22,-154,-154,-150,-141,-178,-163,-173,-163,-170,-154,-163,-136,-179,-176,-209,-138,-137,-137,-225,-140,-130,-107,-165,-106,-203,-107,-262,-264,-279,-268,-399,-382,-367,0,0,0,0,0,0,0,0,0]} 1. d4 d5 2. c4 c6 3. Nf3 Nf6 4. g3 Bf5 5. Nc3 e6 6. Nh4 {D11: Slav Defence: 3 Nf3 sidelines and 3...Nf6 4 e3 Bg4.} Bg4 7. h3 Bh5 8. Qb3 $1 {[%mdl 4] White has an edge. is currently scoring better than 8.g4.} Qb6 9. c5 Qc7 (9... Qxb3 $11 10. axb3 Be7) 10. Bf4 $14 Qc8 {[%cal Ob7b6]} 11. g4 $36 {[%mdl 2048] White fights for an advantage.} Bg6 12. Nxg6 hxg6 13. Bg2 Nbd7 14. g5 {[#]} Ng8 $146 (14... Nh5 $11 {and Black stays safe.} 15. Bh2 b6) ({Predecessor:} 14... Nh5 15. Bh2 Be7 16. h4 Bd8 17. e3 Bc7 18. Bxc7 Qxc7 {½-½ (41) Oparin,G (2652)-Goryachkina,A (2593) Sochi 2021}) 15. e4 $1 $18 {[%cal Re4d5]} Ne7 16. exd5 {White is much more active.} (16. O-O-O $142 $1) 16... Nxd5 $16 17. Bxd5 ({White should try} 17. Nxd5 $16 cxd5 18. O-O-O) 17... exd5 $11 18. O-O-O Be7 $1 19. Rde1 {Bd6 is the strong threat.} Nf8 $1 20. h4 Ne6 21. Be5 Qd7 22. Ne2 f6 23. gxf6 gxf6 24. Bg3 Kf7 25. Qd3 b6 {[%cal Bb7b6,Bb6c5][%mdl 32]} 26. Nf4 Nxf4 27. Bxf4 {[%cal Oh4h5]} Rh5 28. Rh3 ({White should play} 28. b4 $11) 28... bxc5 29. Rhe3 ({But not} 29. Rg3 $2 Qf5 30. Qxf5 (30. Qe3 $2 Re8 $19) 30... Rxf5 $19) 29... Bf8 (29... Re8 $1 $15 30. dxc5 Rxh4) 30. Re6 {[%cal Of4g5]} Rf5 {Prevents Bg5.} 31. h5 Rxh5 32. dxc5 Bxc5 {Hoping for ...Rah8.} 33. Qc3 (33. Qc2 $11 Bb4 34. Rxc6) 33... d4 $17 34. Qb3 {White threatens Re7+ and mate.} Kg7 35. Qf3 {[%cal Of4d6] Strongly threatening Bd6!} Qd5 {Prevents Bd6.} 36. Qxd5 Rxd5 (36... cxd5 37. Rc6 Bf8 38. Rc7+ Kg8 39. Bd2 $15) 37. Rxc6 {[#]} g5 $1 38. Bd2 Rad8 39. b4 (39. f4 $17 {might work better.}) 39... Bd6 $19 40. Kc2 d3+ 41. Kb3 Be5 42. Be3 (42. Rd1 $17) 42... R8d7 43. Rd1 g4 44. Ra6 (44. Rc4 $17) 44... Bb8 (44... d2 $19 45. Rxa7 Rd3+ 46. Kc4 Rc3+ 47. Kb5 Rxa7 48. Bxa7 Bf4) 45. Bd2 (45. Rc6 $17) 45... f5 (45... Rf5 $19 46. Be3 Rf3) 46. Re1 $2 (46. a4 $17 {keeps fighting.}) 46... Be5 47. Kc4 Bd4 48. Ree6 (48. Rf1 {is the only way for White.}) 48... Bb6 {Threatens to win with ...Rd4+.} ({Stronger than} 48... Bxf2 49. Rg6+ Kf8 50. Rgf6+ Kg7 51. Rg6+ Kf8 52. Rgf6+ Kg8 53. Rg6+ Kh7 54. Rh6+ Kg8 55. Rhg6+ Kf8 $11) 49. a4 {[%cal Ba2a4,Ba4a5][%mdl 32] [#]} f4 $2 ({Inferior is} 49... Bxf2 50. Rg6+ Kh7 51. Rh6+ Kg7 52. Rhg6+ Kh8 53. Rh6+ Kg8 54. Rhg6+ Kf8 55. Rgf6+ Kg8 56. Rg6+ Kh8 57. Rh6+ Kg8 58. Rhg6+ $11) (49... Rd4+ $1 $19 50. Kb3 Re4) 50. a5 $1 $11 {The position is equal.} Bxf2 51. Rg6+ Kf7 52. Raf6+ Ke7 53. Re6+ Kf7 {White used his chance.  Weighted Error Value: White=0.26 (precise) /Black=0.26 (precise)} 1/2-1/2

[Event "20th Prague Open 2022"]
[Site "Prague"]
[Date "2022.01.09"]
[Round "4.8"]
[White "Novotny, Michal"]
[Black "Hrabusa, Matej"]
[Result "1/2-1/2"]
[WhiteElo "2236"]
[BlackElo "2369"]
[Annotator "TA"]
[PlyCount "45"]
[EventDate "2022.01.07"]
[EventType "swiss"]
[EventCountry "CZE"]
[SourceTitle "playchess.com"]
[Source "ChessBase"]
[SourceQuality "1"]

{[%evp 25,26,37,54]} 1. d4 {Reeh,O} Nf6 2. c4 c5 3. d5 b5 4. cxb5 a6 5. bxa6 g6 6. Nc3 Bxa6 7. e4 Bxf1 8. Kxf1 d6 9. Nf3 Bg7 10. g3 O-O 11. Kg2 Nbd7 12. h3 {12.a4 gains popularity.} Qa5 13. Re1 Rfb8 {[#]} {Predecessor:} 14. e5 $146 {A59: Benko/Volga Gambit: White castles by hand.} dxe5 15. Nxe5 Nxe5 16. Rxe5 Rb7 17. Qe2 Qb6 18. a4 Kf8 19. Ra3 Ne8 20. Re3 Bh6 21. Re6 fxe6 22. Bxh6+ Kg8 23. Rb3 {1-0 (23) Sargissian,G (2678)-Caruana,F (2662) Ohrid 2009 CBM 133 [Reeh,O]} 1/2-1/2

[Event "20th Prague Open 2022"]
[Site "Prague"]
[Date "2022.01.09"]
[Round "4.9"]
[White "Hrbek, Stepan"]
[Black "Sorm, Daniel"]
[Result "1-0"]
[WhiteElo "2179"]
[BlackElo "2348"]
[Annotator "TA"]
[PlyCount "75"]
[EventDate "2022.01.07"]
[EventType "swiss"]
[EventCountry "CZE"]
[SourceTitle "playchess.com"]
[Source "ChessBase"]
[SourceQuality "1"]

{[%evp 10,75,17,7,3,0,20,16,58,-7,82,0,0,-11,-13,-13,-5,-25,-10,-27,0,-2,-13,-32,-16,-27,-29,-46,-35,-70,-70,-66,-44,-42,-47,-50,-32,-49,-10,-10,21,15,58,31,210,203,206,216,214,222,205,204,203,197,209,206,176,115,177,91,348,244,265,242,270,195,29980,6108]} 1. c4 e5 2. g3 d6 3. Nc3 f5 4. Bg2 Nf6 5. d3 Be7 6. f4 exf4 {A21: English Opening: 1...e5 2 Nc3.} 7. gxf4 Ng4 8. Nf3 Bh4+ {[#]} (8... c6 $11 {is more appropriate.}) 9. Kf1 $146 ({White should try} 9. Nxh4 $14 Qxh4+ 10. Kd2) ({Predecessor:} 9. Nxh4 Qxh4+ 10. Kd2 Qf2 11. Qf1 Qe3+ 12. Kc2 Qe6 13. Nd5 Na6 14. h3 Nh6 15. Bd2 {1-0 (57) Mgeladze,T (2293)-Gelashvili,T (2520) Batumi 2003}) 9... Bf2 (9... c6 $11 {remains equal.}) 10. d4 (10. Qa4+ $16 Bd7 11. Qb3) 10... Be3 $11 11. Qd3 Bxc1 12. Rxc1 O-O 13. h3 Nf6 14. e3 Na6 15. a3 c6 16. Nd2 Bd7 17. Bf3 Qe7 18. Kf2 Nc7 19. Rcg1 d5 20. Rg3 Ne4+ 21. Bxe4 fxe4 22. Qe2 Qh4 23. Kg2 Rf6 24. Rg5 Rh6 {[%cal Rd7h3]} 25. Qf2 Qxf2+ 26. Kxf2 {[%cal Rc4d5]} Rxh3 $2 ({Black should play} 26... Be6 $14) 27. Rxh3 $18 Bxh3 28. cxd5 cxd5 29. Nxd5 Nxd5 30. Rxd5 $11 {[%mdl 4096] Endgame KRB-KRN} Rc8 31. Nxe4 Rc2+ 32. Kg3 Bg2 33. Rd8+ Kf7 {[#]} 34. Ng5+ (34. Nf2 $1 $18 Bc6 35. d5) 34... Kg6 $2 {[%mdl 8192]} (34... Ke7 $16 35. Rg8 h6) 35. Rd6+ Kh5 36. Nxh7 {Black must now prevent Re6.} Bh1 37. Ng5 g6 $2 {[#]} (37... Rxb2 $18 38. Rd7 Rg2+ 39. Kh3 Re2) 38. Rd7 {Weighted Error Value: White=0.22 (precise) /Black=0.58} 1-0